02066nam a22003257a 4500008004100000020001800041040000800059041000800067100004100075245014500116260003800261300004200299490003100341520084700372610002601219650002801245650002101273650003101294650003301325650005901358650005601417655002701473655002201500655002301522700003101545700003701576942000801613952010401621999001501725250618b |||||||| |||| 00| 0 eng d a9780241553442 ctbs aeng aHastings, Reedd1960-924351eauthor aNo rules rulesc/ by Reed Hastings and Erin Meyer ; adapted by Catrin Morris ; illustrated by Henry Sene Yee ; series editor, Sorrel Pitts. aLondon : bPenguin Books, c2022. a95 pages : billustrations ; c20 cm. aPenguin readers ;vLevel 4 aWith carefully adapted text, new illustrations, language practise activities and additional online resources, the Penguin Readers series introduces language learners to bestselling authors and compelling content. Titles include popular classics, exciting contemporary fiction, and thought-provoking non-fiction. No Rules Rules, a Level 4 Reader, is A2+ in the CEFR framework. The text is made up of sentences with up to three clauses, introducing more complex uses of present perfect simple, passives, phrasal verbs and simple relative clauses. It is well supported by illustrations, which appear regularly. Reed Hastings started Netflix with Marc Randolph in 1997. Their company has completely changed how we watch TV and films. In this book, Reed explains the secret to the company's success and how at Netflix, there really are NO rules. 0aNetflix (Firm)924348 0aCorporate culture95314 0aEmployees924911 0aInternet television924349 0aReading comprehension922469 0aEnglish languagevTextbooks for foreign speakers96478 0aLevel 4 Reader, is A2+ in the CEFR framework925500 0aReaders (Adult)922484 0aInterviews923088 0aAdaptations922470 aMeyer, Erin912128eauthor aMorris, Catrin E.922481eeditor 2lcc 00102lcc4070aTBSbTBSd2025-06-18l0oREADER-EN HASpB05874r2025-06-18t1w2025-06-18yENGLISH c4761d4761